000 00821nam a22002417a 4500
003 NALT
005 20260210152720.0
008 s2558 th tha d
020 _a9786163942586
040 _aNALT
041 _atha
050 _aBF 431
_bส231ท 2558
100 0 _aสม สุจีรา
_914926
245 1 0 _aทักษะสำคัญกว่าความรู้ /
_cสม สุจีรา.
260 _aกรุงเทพฯ :
_bสุจีรา,
_c2558.
300 _a187 หน้า ;
_b
_c21 ซม.
650 4 _aทักษะทางสังคม
_936541
650 4 _aทักษะชีวิต
_924238
650 4 _aทักษะทางการคิด
_97546
850 _aNALT
942 _cGB
_2lcc
996 _asaiphon.d
_bCATSTF
_c2026-02-10
999 _c74701
_d74701
998 _j104
_k นางสาวสายฝน ดีงาม